000 00867nam a2200229 i 4500
001 158412
003 ES-MaACL
005 20251218063014.0
008 940711s1882 fr a |||| | fre d
040 _aCAT
_bspa
_cCAT
_dCCPB
080 4 _a616
100 1 _aMackenzie,
_cSir Morell,
_d1837-1892
_9129295
245 1 0 _aTraité pratique des maladies du larynx, du pharynx & de la trachée /
_cpar Morell-Mackenzie ; traduit de l'anglais et annoté par MM. les docteurs E.-J. Moure, Francis Bertier.
260 _aParis :
_bOctave Doin,
_c1882.
300 _aXV, 807 p. :
_bil. ;
_c20 cm.
650 4 _aAparato respiratorio-
_xEnfermedades.
_9135585
700 1 _aMoure, Jean Gabriel Émile,
_d1855-1941
_9130248
700 1 _aBertier, Francis.
_9125964
852 _aES-MaACL
_jG-14629
_z-- Enc. hol.
999 _c158412
_d158412